000 00480nam a2200181Ia 4500
008 240925s9999 xx 000 0 und d
020 _a8180521036
082 _a658.300954 KUM
100 _aKumar, Harish
245 0 _aManaging the human resources: a research based approach
250 _aNA
260 _aNew Delhi:
_bPearson Education
_c,2006.
300 _a807p.
_b0
_fOriginal
500 _aIncludes Index
600 _aManagement
650 _aManagement
942 _cBK
999 _c17857
_d17857